|
|
|
|
| LEADER |
01279nam a22002657a 4500 |
| 001 |
35790 |
| 003 |
BD-DhAAL |
| 008 |
211026t2002 bg ||||| i||| 00| 0 ben d |
| 020 |
|
|
|a 9840502484
|
| 040 |
|
|
|a BD-DhAAL
|d BD-DhAAL
|
| 082 |
|
|
|a 891.4414
|2 23
|
| 100 |
|
|
|a রহমান, মুহাম্মদ হাবিবুর.
|9 42225
|
| 245 |
|
|
|a রবীন্দ্র রচনায় আইনি ভাবনা /
|c মুহাম্মদ হাবিবুর রহমান.
|
| 246 |
|
|
|a Rabindra-rachanay aini bhabna
|
| 246 |
|
|
|a Tagore's musings on law
|
| 260 |
|
|
|a ঢাকা
|b ইউনিভার্সিটি প্রেস লিমিটেড,
|c c২০০২.
|
| 300 |
|
|
|a viii, ১৪৭ পৃষ্ঠা ;
|b ২২ সে.মি.
|
| 500 |
|
|
|a নির্ঘণ্ট অন্তর্ভূক্ত।
|
| 526 |
|
|
|a BIED
|
| 541 |
|
|
|a Complimentary copy from BIED
|e 35790
|
| 600 |
|
|
|a Tagore, Rabindranath,
|d 1861-1941.
|9 42226
|
| 852 |
|
|
|a Ayesha Abed Library
|c BIED Collection
|
| 942 |
|
|
|2 ddc
|c BK
|
| 999 |
|
|
|c 43273
|d 43273
|
| 952 |
|
|
|0 0
|1 0
|2 ddc
|4 0
|6 891_441400000000000_RAH
|7 0
|9 69424
|a BRACUL
|b BRACUL
|c GEN
|d 2021-10-26
|e Complimentary copy from BIED
|l 0
|o 891.4414 RAH
|p 3010035790
|r 2021-10-26
|t 1
|w 2021-10-26
|y BK
|x Transferred from BIED to General Stacks
|